Bình văn Những bài văn hay trong và ngoài sách giáo khoa phổ thông

Guardado en:
Detalles Bibliográficos
Autor principal: Trần Hòa Bình
Otros Autores: Lê Dy (Tác giả), Văn Giá (Tác giả)
Formato: Libro
Lenguaje:Vietnamese
Publicado: H. Giáo dục 1999
Edición:Tái bản lần thứ 2
Materias:
Etiquetas: Agregar Etiqueta
Sin Etiquetas, Sea el primero en etiquetar este registro!
Thư viện lưu trữ: Mạng thư viện Đại học Đà Nẵng
LEADER 01280nam a2200373 4500
001 000004135
003 265
005 20121211001253.0
008 110715s1999 viesd
020 |c 10000 
041 0 |a vie 
082 |a 895.9221  |b TR-B 
100 0 |a Trần Hòa Bình 
245 0 |a Bình văn  |b Những bài văn hay trong và ngoài sách giáo khoa phổ thông  |c B.s: Trần Hoà Bình, Lê Dy, Văn Giá 
250 |a Tái bản lần thứ 2 
260 |a H.  |b Giáo dục  |c 1999 
300 |a 187 tr  |b 21 cm 
653 |a Văn học Việt Nam 
653 |a Lịch sử và phê bình 
653 |a Sách đọc thêm 
653 |a Trường phổ thông trung học 
700 |a Lê Dy  |e Tác giả 
700 |a Văn Giá  |e Tác giả 
910 |a Nguyễn Thị Kim Oanh  |d 15/ 07/ 2011 
OWN |a LSP 
AVA |a UDN50  |b LSP  |d 895.9221 TR-B  |e available  |t Error 5001 Not defined in file expand_doc_bib_avail.  |f 4  |g 1  |h N  |i 0  |k 1 
999 |a From the UDN01 
AVA |a UDN50  |b LSP  |d 895.9221 TR-B  |e available  |t Error 5001 Not defined in file expand_doc_bib_avail.  |f 4  |g 1  |h N  |i 0  |k 1 
TYP |a Monograph 
TYP |a Printed language 
980 |a Mạng thư viện Đại học Đà Nẵng